000
00340pab a2200145 454500
008
180718b2002 xxu||||| |||| 00| 0 eng d
100
_a
Powar, K.B.
245
_a
Online education: the quality imperative
260
_c
2002
300
_a
p.87-91
362
_a
28 Jan
650
_a
Education
773
_a
University News
909
_a
51506
999
_c
51506
_d
51506